[Event "SVK-ch U10"]
[Site "Lubovna"]
[Date "2020.08.15"]
[Round "1"]
[White "Ziman, Damian"]
[Black "Murin, Lukas"]
[Result "1-0"]
[WhiteElo "1115"]
[BlackElo "1000"]
[PlyCount "49"]
[EventDate "2020.08.15"]
[EventType "swiss"]
[EventRounds "9"]
[EventCountry "SVK"]
[SourceTitle "EXT 2021"]
[Source "ChessBase"]
[SourceDate "2020.10.23"]
[SourceVersion "1"]
[SourceVersionDate "2020.10.23"]
[SourceQuality "1"]

1. e4 d5 2. exd5 c6 3. dxc6 Nxc6 4. Nf3 Be6 5. d4 g6 6. Nc3 Qd7 7. d5 0-0-0 8. dxc6 Qxc6 9. Bd2 Bg7 10. Bb5 Qb6 11. Qe2 h5 12. Be3 Nf6 13. Bxb6 axb6 14. Rd1 Rxd1+ 15. Qxd1 g5 16. Nxg5 Rd8 17. Qe2 Bh6 18. Nxe6 fxe6 19. Qxe6+ Nd7 20. Bxd7+ Rxd7 21. Qxh6 b5 22. 0-0 b4 23. Nb5 Kb8 24. Qh8+ Rd8 25. Qxd8# 1-0